Ventana al sur
Salvato in:
| Autore principale: | |
|---|---|
| Natura: | Libro |
| Lingua: | spagnolo |
| Pubblicazione: |
Santiago
Zig-Zag
1975
|
| Serie: | Libros de Bolsillo Zig-Zag
|
| Soggetti: | |
| Tags: |
Aggiungi Tag
Nessun Tag, puoi essere il primo ad aggiungerne!!
|
MARC
| LEADER | 00000nam a2200000 a 4500 | ||
|---|---|---|---|
| 001 | UCW8677 | ||
| 003 | CL-VaPUC | ||
| 008 | 881019e19750000CL |||||||||||||||||spa|d | ||
| 082 | 0 | 4 | |a Ch863 |b VAL |2 21 |
| 100 | 0 | |a Valdés, Enrique |e author |9 313895 | |
| 245 | 1 | 0 | |a Ventana al sur |
| 300 | |a 166 p | ||
| 942 | |c BK | ||
| 945 | |d 19881019 00:00:00 | ||
| 260 | |a Santiago |b Zig-Zag |c 1975 | ||
| 500 | |a Premio Gabriela Mistral año 1974 | ||
| 650 | 0 | |a Novelas chilenas |9 265425 | |
| 583 | |a last modification |c 19881019 00:00:00 |k Rodrigo Vera | ||
| 490 | 0 | |a Libros de Bolsillo Zig-Zag | |
| 999 | |c 220976 |d 220974 | ||
| 952 | |0 0 |1 0 |4 0 |6 CH_863_000000000000000_VAL_1975 |7 0 |8 A |9 213841 |a BIBEDU |b BIBEDU |d 2019-11-15 |i 2821680 |o Ch863 VAL 1975 |p 2821680 |r 2019-11-15 |w 2019-11-15 |y BK |k LIT | ||